Multiple Choice City Quiz - Eugene - Statistics

General Stats
  • This quiz has been taken 208 times
  • The average score is 5 of 10
Answer Stats
Question Answer % Correct
Eugene's neighboring city of Springfield was a large inspiration for which show? The Simpsons
85%
What athletic apparel and equipment company was founded in Eugene? Nike
78%
What is the team name for the University of Oregon? Ducks
72%
What river bisects Eugene? Willamette
63%
What outdoor recreational activity could you partake in in Eugene? Rafting
62%
Who were the first Europeans to explore the area Eugene now resides? French
30%
What Oregon staple does the Eugene metro area have 17 of the 51 of in the state? Covered bridges
25%
What Native American group were the first to settle the Eugene area? Kalapuya
25%
Which of these musicians grew up in Eugene? Courtney Love
21%
What Mexican-American fast food chain was founded in Eugene? Taco Time
15%
No matching quizzes found
Score Distribution
Percent of People with Each Score
Percentile by Number Answered
Your Score History
You have not taken this quiz